[Event "Mittelrhein Verbandsliga-O 15/16"]
[Site "Nordrheinwestfalen"]
[Date "2015.11.15"]
[Round "4"]
[White "Brenner, Ulrich"]
[Black "Weisshuhn, Gunnar"]
[Result "0-1"]
[WhiteElo "1794"]
[BlackElo "1908"]
[PlyCount "124"]
[EventDate "2015.09.06"]
[EventType "team-tourn"]
[EventRounds "11"]
[EventCountry "GER"]
[SourceTitle "EXT 2022"]
[Source "ChessBase"]
[SourceDate "2021.10.06"]
[SourceVersion "1"]
[SourceVersionDate "2021.10.06"]
[SourceQuality "1"]
[WhiteTeam "Siegburg"]
[BlackTeam "Euskirchen Turm"]
[WhiteTeamCountry "GER"]
[BlackTeamCountry "GER"]

1. e4 c5 2. Nf3 d6 3. Bb5+ Nd7 4. 0-0 a6 5. Be2 Ngf6 6. d3 g6 7. Bg5 Bg7 8. c3 0-0 9. Qd2 Re8 10. Bh6 Bh8 11. Qc2 b5 12. Nbd2 Bb7 13. Ng5 Bg7 14. Bxg7 Kxg7 15. f4 e6 16. Kh1 Ng8 17. Qb3 Rb8 18. Rad1 Qe7 19. Bg4 h6 20. Nh3 f5 21. Bf3 Ngf6 22. Rfe1 Qf7 23. exf5 exf5 24. Qxf7+ Kxf7 25. Bxb7 Rxb7 26. Rxe8 Nxe8 27. Re1 Nb6 28. c4 bxc4 29. dxc4 Na4 30. b3 Nc3 31. a3 Nf6 32. Nf2 a5 33. a4 Na2 34. Kg1 Nb4 35. Kf1 Nc2 36. Rb1 Re7 37. Rc1 Nd4 38. Re1 Rb7 39. Rb1 Nh5 40. Nd3 g5 41. fxg5 hxg5 42. Kf2 Nf6 43. h3 Ne4+ 44. Nxe4 fxe4 45. Nc1 Kf6 46. Rb2 Ke5 47. Ke3 g4 48. hxg4 Rg7 49. g3 Rxg4 50. Rg2 Nf5+ 51. Kf2 Kd4 52. Ne2+ Kd3 53. Nf4+ Kc3 54. Nd5+ Kxb3 55. Nf6 e3+ 56. Ke2 Rg6 57. Nd5 Kxc4 58. Nf4 Rxg3 59. Rxg3 Nxg3+ 60. Kxe3 d5 61. Kd2 Ne4+ 62. Kc2 Nc3 0-1

[Event "Mittelrhein Verbandsliga Ost 1314"]
[Site "Mittelrhein"]
[Date "2013.11.24"]
[Round "4.7"]
[White "Mass, Elvira"]
[Black "Brenner, Ulrich"]
[Result "1/2-1/2"]
[WhiteElo "1943"]
[BlackElo "1746"]
[PlyCount "81"]
[EventDate "2013.09.15"]
[EventType "team-tourn"]
[EventRounds "11"]
[EventCountry "GER"]
[SourceTitle "EXT 2023"]
[Source "ChessBase"]
[SourceDate "2022.10.05"]
[SourceVersion "1"]
[SourceVersionDate "2022.10.05"]
[SourceQuality "1"]
[WhiteTeam "Koeln Porz III"]
[BlackTeam "Siegburg"]
[WhiteTeamCountry "GER"]
[BlackTeamCountry "GER"]

1. Nf3 Nf6 2. g3 d5 3. Bg2 c5 4. d3 e6 5. 0-0 Be7 6. Nbd2 0-0 7. e4 Nc6 8. e5 Nd7 9. Re1 Qc7 10. Qe2 b5 11. Nf1 Re8 12. Bf4 Nf8 13. h4 Ng6 14. Bg5 h6 15. Bxe7 Ncxe7 16. h5 Nf8 17. g4 Nh7 18. Qd2 Qd8 19. a4 b4 20. d4 Qb6 21. c3 bxc3 22. bxc3 c4 23. g5 Nf5 24. Ng3 Nxg3 25. fxg3 Nxg5 26. Nxg5 hxg5 27. Qxg5 Qd8 28. Qg4 Bd7 29. Rf1 Qe7 30. h6 g6 31. Rf6 Kh7 32. Raf1 Rf8 33. Bf3 Bxa4 34. Qg5 Bc2 35. Bh5 a5 36. R1f2 Bd3 37. R2f3 Be4 38. R3f4 Bd3 39. Rf3 Be4 40. R3f4 Bd3 41. Rf3 1/2-1/2

[Event "Mittelrhein Verbandsliga-O 1112"]
[Site "Germany"]
[Date "2012.02.26"]
[Round "7"]
[White "Brenner, Ulrich"]
[Black "Bendisch, Juergen"]
[Result "1/2-1/2"]
[WhiteElo "1752"]
[BlackElo "1715"]
[PlyCount "71"]
[EventDate "2011.09.18"]
[EventType "team-tourn"]
[EventRounds "11"]
[EventCountry "GER"]
[SourceTitle "EXT 2013"]
[Source "ChessBase"]
[SourceDate "2012.11.22"]
[SourceVersion "1"]
[SourceVersionDate "2012.11.22"]
[SourceQuality "1"]
[WhiteTeam "Siegburg"]
[BlackTeam "Hennef"]
[WhiteTeamCountry "GER"]
[BlackTeamCountry "GER"]

1. e4 c5 2. f4 d6 3. Bb5+ Bd7 4. Bxd7+ Qxd7 5. Nf3 Nc6 6. 0-0 e6 7. d3 g6 8. c3 Bg7 9. Be3 Nge7 10. Nbd2 0-0 11. Kh1 b6 12. Ng5 f6 13. Ngf3 Rad8 14. Qe1 d5 15. d4 cxd4 16. Bxd4 Nxd4 17. Nxd4 Rde8 18. Rd1 Nc6 19. N2f3 Qc8 20. Nxc6 Qxc6 21. exd5 exd5 22. Qd2 Rd8 23. f5 Qc8 24. Nd4 Rfe8 25. fxg6 hxg6 26. Qd3 f5 27. Qg3 Bxd4 28. Rxd4 Qe6 29. Rh4 Rd7 30. Qh3 Rg7 31. Rh8+ Kf7 32. Rxe8 Qxe8 33. Qh4 Qe7 34. Qd4 Qe4 35. Qd2 Qc4 36. Re1 1/2-1/2

[Event "Mittelrhein Verbandsliga-O 1112"]
[Site "Germany"]
[Date "2011.11.13"]
[Round "3"]
[White "Brenner, Ulrich"]
[Black "Wambach, Patrick"]
[Result "1/2-1/2"]
[WhiteElo "1752"]
[BlackElo "1787"]
[PlyCount "76"]
[EventDate "2011.09.18"]
[EventType "team-tourn"]
[EventRounds "11"]
[EventCountry "GER"]
[SourceTitle "EXT 2013"]
[Source "ChessBase"]
[SourceDate "2012.11.22"]
[SourceVersion "1"]
[SourceVersionDate "2012.11.22"]
[SourceQuality "1"]
[WhiteTeam "Siegburg"]
[BlackTeam "Siebengebirge"]
[WhiteTeamCountry "GER"]
[BlackTeamCountry "GER"]

1. e4 d6 2. d4 Nf6 3. Bd3 g6 4. f4 Bg7 5. Nf3 0-0 6. 0-0 Nbd7 7. c3 c5 8. Nbd2 Rb8 9. Kh1 b5 10. Ng5 Ne8 11. Ndf3 Nc7 12. f5 Nf6 13. Qe1 b4 14. Qh4 e5 15. dxe5 dxe5 16. Nxe5 Nh5 17. Nexf7 Qxd3 18. Bf4 bxc3 19. bxc3 Rb2 20. fxg6 hxg6 21. Bxc7 Qc2 22. Rg1 Qxc3 23. g4 Rxf7 24. gxh5 Bf6 25. hxg6 Rxc7 26. Raf1 Ba6 27. Qf4 Bxf1 28. Qxc7 Bg2+ 29. Rxg2 Rb1+ 30. Rg1 Rxg1+ 31. Kxg1 Qc1+ 32. Kf2 Bd4+ 33. Kf3 Qe3+ 34. Kg4 Qe2+ 35. Kg3 Qf2+ 36. Kh3 Qf1+ 37. Kg4 Qe2+ 38. Kg3 Bf2+ 1/2-1/2